000 01064cam a22002054a 4500
005 20250605164149.0
008 250528s ||||||||||||||||||||||||d
035 _a19291
020 _a744627850
040 _aGR-AtMCL
_bgre
_dGR-AtMCL
_eAACR2
245 1 _aAdvanced Decision Making
260 _bFinancial Times Management,
_c1999
300 _a152
505 0 _aIntroduction, The Nature of Managerial Decision Making, Models of Decision Making, Using the Rational Model for Systematic Decision Making, Decision-Making Aids, The Psychology of Decision Making, Group Decision Making, Organisational Decision Making, Further Reading and References, References.
520 _aIntroduction, The Nature of Managerial Decision Making, Models of Decision Making, Using the Rational Model for Systematic Decision Making, Decision-Making Aids, The Psychology of Decision Making, Group Decision Making, Organisational Decision Making, Further Reading and References, References.
700 1 _aBand John
_95525
942 _cBK
999 _c4554
_d4554